The Penguin (2024) Characters by Picture - Statistics

General Stats
  • This quiz has been taken 42 times
    11 since last reset
  • The average score is 8 of 15
Answer Stats
Picture Answer % Correct
Oswald Cobb/Penguin
100%
Victor Aguilar
80%
Alberto Falcone
70%
Johnny Viti
70%
Salvatore Maroni
70%
Carmine Falcone
60%
Rex Calabrese
60%
Sofia Falcone
60%
Eve Karlo
50%
Feng Zhao
40%
Francis Cobb
40%
Luca Falcone
40%
Dr. Julian Rush
30%
Chief Mackenzie Bock
20%
Nadia Maroni
20%
No matching quizzes found
Score Distribution
Percent of People with Each Score
Percentile by Number Answered
Your Score History
You have not taken this quiz since the last reset